Представление документа в формате RUSMARC

ПолеНазваниеЗначение
  Тип записи a
  Библиографический уровень m
001 Контрольный номер UONB/MAIN/8c6e1ee32ce74b6c9d9567e3d0d22318
005 Дата корректировки 20260429135642.5
010 Индекс ISBN __
a ISBN 978-5-6054716-3-9
b Уточнения в пер.
9 Тираж 200 экз.
100 Данные общей обработки __
a Данные общей обработки 20260428d2025 u y0rusy0189 ca
101 Язык документа 0_
a Язык текста rus
102 Страна публикации __
a Страна публикации RU
105 Кодированные данные (монография) __
a Кодированные данные (монография) a g 000yy
200 Заглавие и сведения об ответственности 1_
a Заглавие К - П
f Первые сведения об ответственности составители В. Н. Ильин [и др.]
210 Выходные данные 1_
d Дата издания 2025
215 Физическое описание __
a Объем 885 с.
c Иллюстрации/тип воспроизводства ил., цв. ил.
461 Уровень набора _0
1 2001
a Улицы Ульяновска
e краеведческий справочник-путеводитель
e в 3 книгах и 2 приложениях
f под общей редакцией В. Н. Ильина
v Кн. 2
1 2101
a Ульяновск
c ИП Артемова А. В.
d 2025-
1 001UONB/MAIN/e3ec1855c9544608bc5246e663eaee8a
1 010
a 978-5-6054716-5-3
1 203
a Текст
b визуальный
c непосредственный
1 215
d 29 см
606 Тематические рубрики 0_
a Основная рубрика Улицы
x Основная подрубрика История
y Географическая подрубрика Ульяновск, город
j Формальный подзаголовок Справочники-путеводители
610 Ключевые слова 0_
a Ключевые слова улицы Ульяновска; инфраструктура Ульяновска; история улиц Ульяновска
686 Индексы других классификаций __
2 Код системы rubbk
a Классификационный индекс 63.3(2Рос-4Уль)я23
702 Вторичная интеллектуальная ответственность _1
a Фамилия Ильин
b Имя (инициалы) В. Н.
g Полное личное имя Вячеслав Николаевич
4 Код отношения 220
702 Вторичная интеллектуальная ответственность _1
a Фамилия Свешникова
b Имя (инициалы) О. А.
g Полное личное имя Ольга Алексеевна
4 Код отношения 220
702 Вторичная интеллектуальная ответственность _1
a Фамилия Шабалкин
b Имя (инициалы) А. Ю.
g Полное личное имя Антон Юрьевич
4 Код отношения 220
801 Источник записи _0
a Страна RU
b Организация Ульяновская ОНБ
c Дата составления 20260428
g Правила каталогизации RCR
801 Источник записи _1
a Страна RU
b Организация Ульяновская ОНБ
c Дата составления 20260428
g Правила каталогизации RCR
900 Электронные ресурсы __
a Имя электронного ресурса Улицы Ульяновска. Т. 2
900 Электронные ресурсы __
a Имя электронного ресурса Улицы Ульяновска. Т. 2. Сод-е
901 Тип документа __
t Тип документа n
w Контрольный № источника UONB/MAIN/e3ec1855c9544608bc5246e663eaee8a
909 Создатель записи __
a Создатель записи Цуканова
b Дата создания записи 20260428
910 Корректоры записи __
a Корректор записи Горбункова
b Дата внесения изменения в запись 20260429